|
|
|
|
| LEADER |
00000nab a2200000 r4500 |
| 001 |
vtls012149632 |
| 003 |
SK-MaSNL |
| 005 |
20260303215117.0 |
| 008 |
220922c2021 xo |r|p||| |000 b|eng |
| 015 |
|
|
|a SNBRB2022/09
|
| 038 |
|
|
|a SPK
|
| 040 |
|
|
|a SPKCL
|b slo
|c rda
|e AACR2
|
| 041 |
0 |
|
|a eng
|b eng
|b slo
|
| 044 |
|
|
|a xo
|c SK
|
| 072 |
|
7 |
|a 323
|x Vnútropolitický vývoj, politický život
|2 konspekt
|
| 080 |
|
|
|a 323.266
|2 2001
|
| 100 |
1 |
|
|a Stodola, Jiří
|4 aut
|9 151775
|
| 245 |
1 |
0 |
|a Principles and dilemmas of information ethics with regard to the problem of disinformation
|c Jiří Stodola
|
| 336 |
|
|
|a text
|b txt
|2 rdacontent
|
| 337 |
|
|
|a počítač
|b c
|2 rdamedia
|
| 338 |
|
|
|a online zdroj
|b cr
|2 rdacarrier
|
| 504 |
|
|
|a Obsahuje bibliografiu
|
| 546 |
|
|
|a Slovenské a anglické resumé
|
| 650 |
0 |
7 |
|a dezinformácie
|2 SNKPH
|9 78493
|
| 650 |
0 |
7 |
|a informačná etika
|2 snkbucl
|9 98097
|
| 655 |
|
7 |
|a BZB
|2 SNKPH
|9 1080216
|
| 773 |
0 |
|
|t Knižničná a informačná veda = Library and Information Science XXIX : zborník Filozofickej fakulty Univerzity Komenského
|d Bratislava : Univerzita Komenského, 2021
|g S. 39-46
|x 1337-8899
|
| 852 |
|
|
|a SPK
|b KIS3GCP
|
| 958 |
|
|
|a NB
|2 spk
|
| 999 |
|
|
|c 2220121
|d 2222051
|